| 000 | 00349nam a22001577a 4500 | ||
|---|---|---|---|
| 003 | SGT | ||
| 020 | _a978-0-7020-7011-2 | ||
| 082 |
_a615.7 _bC19W |
||
| 100 | _aWHITTLESEA,CATE | ||
| 245 | _aCLINICAL PHARMACY AND THERAPEUTICS | ||
| 250 | _a6TH | ||
| 260 |
_aLONDON _bELSEVIER _c2019 |
||
| 300 | _a1094 | ||
| 650 | _aPHARMACY | ||
| 942 |
_2ddc _cBK _034 |
||
| 999 |
_c19143 _d19143 |
||